Object-oriented design in C++ using the standard template library (Record no. 5890)
[ view plain ]
| 000 -LEADER | |
|---|---|
| fixed length control field | 00512 a2200157 4500 |
| 020 ## - INTERNATIONAL STANDARD BOOK NUMBER | |
| International Standard Book Number | 0-534-37782-3 ; |
| 040 ## - CATALOGING SOURCE | |
| Original cataloging agency | DLC |
| Language of cataloging | DLC |
| 082 0# - DEWEY DECIMAL CLASSIFICATION NUMBER | |
| Classification number | 005.133 |
| 100 1# - MAIN ENTRY--PERSONAL NAME | |
| Personal name | DeLillo, Nicholas J. |
| 245 00 - TITLE STATEMENT | |
| Title | Object-oriented design in C++ using the standard template library |
| Statement of responsibility, etc. | Nicholas J. DeLillo |
| 260 ## - PUBLICATION, DISTRIBUTION, ETC. | |
| Place of publication, distribution, etc. | Pacific Grove, Calif. : |
| Name of publisher, distributor, etc. | Brooks/Cole, |
| Date of publication, distribution, etc. | 2002 |
| 300 ## - PHYSICAL DESCRIPTION | |
| Extent | 460p. ; |
| Dimensions | 24cm |
| 650 #0 - SUBJECT ADDED ENTRY--TOPICAL TERM | |
| Topical term or geographic name entry element | Object-oriented programming (Computer science) |
| 650 #0 - SUBJECT ADDED ENTRY--TOPICAL TERM | |
| Topical term or geographic name entry element | C++ (Computer program language) |
| 942 ## - ADDED ENTRY ELEMENTS (KOHA) | |
| Koha item type | Book |
| Call number prefix | 005.133 DEL |
| Source of classification or shelving scheme | |
| Withdrawn status | Lost status | Damaged status | Not for loan | Collection code | Permanent Location | Current Location | Shelving location | Date acquired | Source of acquisition | Cost, normal purchase price | Total Checkouts | Full call number | Barcode | Date last seen | Price effective from | Koha item type |
|---|---|---|---|---|---|---|---|---|---|---|---|---|---|---|---|---|
| Central Library (CL) | Central Library (CL) | First Floor - Software Engineering/ Programming Language | 10/22/2004 | Pak Book Corporation | 292.83 | 005.133 DEL | SEECS004918 | 12/27/2019 | 01/05/2017 | Book |
